Analyse simplifiée du rythme cardiaque fœtal (RCF) au sein d’un partogramme informatisé : aide à la communication et à la décision (notice n° 1880605)
[ vue normale ]
| 000 -LEADER | |
|---|---|
| fixed length control field | 01257cam a2200181 4500500 |
| 005 - DATE AND TIME OF LATEST TRANSACTION | |
| control field | 20260329013459.0 |
| 041 ## - LANGUAGE CODE | |
| Language code of text/sound track or separate title | fre |
| 042 ## - AUTHENTICATION CODE | |
| Authentication code | dc |
| 100 10 - MAIN ENTRY--PERSONAL NAME | |
| Personal name | Favrin, Serge |
| Relator term | author |
| 245 00 - TITLE STATEMENT | |
| Title | Analyse simplifiée du rythme cardiaque fœtal (RCF) au sein d’un partogramme informatisé : aide à la communication et à la décision |
| 260 ## - PUBLICATION, DISTRIBUTION, ETC. | |
| Date of publication, distribution, etc. | 2018.<br/> |
| 500 ## - GENERAL NOTE | |
| General note | 60 |
| 520 ## - SUMMARY, ETC. | |
| Summary, etc. | Dans un contexte où la profession est traversée par de profonds mouvements idéologiques, démographiques et institutionnels, cet article vient questionner la consistance épistémologique de la notion de « jeune psychologue ». Sous une plume réflexive et non sans ironie, l’auteur se penche sur la façon dont les récits récurrents et autres représentations construisent une réalité qui vient influencer tant les pratiques que l’identité professionnelle et les trajectoires des psychologues aujourd’hui. |
| 700 10 - ADDED ENTRY--PERSONAL NAME | |
| Personal name | Godard, Alain |
| Relator term | author |
| 700 10 - ADDED ENTRY--PERSONAL NAME | |
| Personal name | Marty, Jean |
| Relator term | author |
| 786 0# - DATA SOURCE ENTRY | |
| Note | Journal du Droit de la Santé et de l’Assurance - Maladie (JDSAM) | 19 | 2 | 2018-06-16 | p. 8-15 | 2269-9635 |
| 856 41 - ELECTRONIC LOCATION AND ACCESS | |
| Uniform Resource Identifier | <a href="https://droit.cairn.info/revue-journal-du-droit-de-la-sante-et-de-l-assurance-maladie-2018-2-page-8?lang=fr&redirect-ssocas=7080">https://droit.cairn.info/revue-journal-du-droit-de-la-sante-et-de-l-assurance-maladie-2018-2-page-8?lang=fr&redirect-ssocas=7080</a> |
Pas d'exemplaire disponible.




Réseaux sociaux